Cyclisme : top 3 de chaque étape de la Vuelta / du Tour d'Espagne 2023 - Statistiques

Statistiques générales
  • Ce quiz a été pris 275 fois
  • Le résultat moyen est 34 sur 60
Statistiques - réponses
Étapes Pos Coureur % Correct
Étape 8 1er Primoz Roglic
99%
Étape 17 1er Primoz Roglic
99%
3ème Primoz Roglic
99%
3ème Primoz Roglic
99%
Étape 6 1er Sepp Kuss
95%
2ème Sepp Kuss
95%
3ème Sepp Kuss
95%
Étape 13 1er Jonas Vingegaard
93%
Étape 16 1er Jonas Vingegaard
93%
2ème Jonas Vingegaard
93%
2ème Jonas Vingegaard
93%
Étape 3 1er Remco Evenepoel
89%
Étape 14 1er Remco Evenepoel
89%
Étape 18 1er Remco Evenepoel
89%
2ème Remco Evenepoel
89%
2ème Remco Evenepoel
89%
2ème Remco Evenepoel
89%
Étape 4 1er Kaden Groves
74%
Étape 5 1er Kaden Groves
74%
Étape 21 1er Kaden Groves
74%
2ème Kaden Groves
74%
2ème Kaden Groves
74%
3ème Juan Ayuso
72%
3ème Juan Ayuso
72%
2ème Lenny Martinez
70%
2ème Romain Bardet
69%
3ème Romain Bardet
69%
Étape 10 1er Filippo Ganna
56%
2ème Filippo Ganna
56%
2ème Filippo Ganna
56%
2ème Filippo Ganna
56%
Étape 7 1er Geoffrey Soupe
55%
Étape 20 1er Wout Poels
48%
3ème Wout Poels
48%
Étape 12 1er Sebastian Molano
44%
2ème Sebastian Molano
44%
Étape 2 1er Andreas Kron
42%
3ème Andreas Kron
42%
3ème Andreas Kron
42%
Étape 11 1er Jesus Herrada
41%
2ème Romain Gregoire
40%
Étape 19 1er Alberto Dainese
39%
Étape 9 1er Lennard Kamna
38%
2ème Lennard Kamna
38%
Étape 15 1er Rui Costa
33%
3ème Santiago Buitrago
28%
2ème Damiano Caruso
27%
2ème Orluis Aular
25%
3ème Marijn Van den Berg
20%
3ème Dries Van Gestel
16%
2ème Finn Fisher-Black
16%
3ème Pelayo Sanchez Mayo
15%
3ème Edward Theuns
14%
3ème Edward Theuns
14%
3ème Nico Denz
14%
3ème Lennert Van Eetvelt
12%
2ème Matteo Sobrero
12%
3ème Andrea Vendrame
11%
3ème Boy Van Poppel
10%
3ème Chris Hamilton
5%
Aucun quiz correspondant
Distribution des résultats
% des personnes avec chaque résultat
Percentile par nombre de réponses
Votre historique - résultats
Vous n’avez pas pris ce quiz